00605nam a2200217Ia 4500003000400000005001700004006001800021007000300039008004100042037001700083040001800100041001300118082001900131100001800150245004900168260003900217300001500256500008700271650001500358650001400373OSt20220926034012.0a|||||r|||| 00| 0ta220923b |||||||| |||| 00| 0 eng d cGeneral Book aRTLcRTLbeng 2engaeng aX:741.1.N7, L2 aCagan Phillip 0aEconomic policy and inflation in the sixties aWashingtonbAEIPPR c1972 a267p.ccm. aAmerican Enterprise Institute for Public Policy Research, Domestic affaris studies a Economics aInflation